header

Just and unjust warriors (Record no. 27612)

MARC details
000 -LEADER
fixed length control field 01488nam a2200397 a 4500
082 04 - DEWEY DECIMAL CLASSIFICATION NUMBER
Classification number 172/.42
245 00 - TITLE STATEMENT
Title Just and unjust warriors
260 ## - PUBLICATION, DISTRIBUTION, ETC. (IMPRINT)
Place of publication Oxford ;
-- New York :
Name of publisher Oxford University Press,
Year of publication 2008.
300 ## - PHYSICAL DESCRIPTION
Number of Pages ix, 261 p.
650 #0 - SUBJECT ADDED ENTRY--TOPICAL TERM
Topical Term War.
Topical Term War
Topical Term Terrorism
Topical Term War (International law)
Topical Term Aggression (International law)
Topical Term Soldiers
700 1# - ADDED ENTRY--PERSONAL NAME
Personal name Rodin, David.
Personal name Shue, Henry.
856 40 - ELECTRONIC LOCATION AND ACCESS
Uniform Resource Identifier http://site.ebrary.com/lib/rucke/Doc?id=10263714

No items available.

© 2026 Rongo University
Contact us: librarian | system librarian | Rongo university